| 000 | 01170nam0a22002651 4500 | ||
|---|---|---|---|
| 001 | rc\840012 | ||
| 005 | 20250622012417.0 | ||
| 035 | _a(NLR Aleph) 006021545 | ||
| 090 |
_a7433246 _c7433246 |
||
| 100 | _a20041129d1983 |||y0rusy50 ca | ||
| 101 | 0 | _arus | |
| 102 | _aRU | ||
| 105 | _ay ||||||||| | ||
| 200 | 1 |
_aМетодика преподавания русской литературы в национальной школе _e[Пособие _fК.В. Мальцева, М.В. Черкезова, Х. Майорова и др.] _gПод ред. К.В. Мальцевой, М.В. Черкезовой |
|
| 210 |
_aЛ. _cПросвещение. Ленингр. отд-ние _d1983 |
||
| 215 |
_a232 с. _d21 |
||
| 225 | 1 | _aБиблиотека учителя русского языка и литературы национальных школ | |
| 300 | _aАвт. указаны на обороте тит. л. | ||
| 320 | _aБиблиогр. в конце текста | ||
| 701 | 1 |
_aМальцева _bК.В. _gКлавдия Васильевна |
|
| 801 | 0 |
_aRU _bNLR _gpsbo |
|
| 801 | 1 |
_aRU _bELAR _2rusmarc |
|
| 852 |
_aNLR _j83-3/8818 |
||
| 942 | _cBOOK | ||
| 980 | _aNB | ||